• 首页
  • 本馆介绍
  • 公告通知
  • 最新文献
  • 馆藏检索
  • 电子资源
  • 读者导购
  • 参考咨询
  • 我的图书馆
  • 登录
  • 详细信息显示
  • 放入我的书架
  • 预约/预借图书
  • 作者相关作品
  • 分类相关作品
  • 丛书相关作品
  • 出版社相关作品

书目信息

  • 表格格式
  • 工作单格式
  • 卡片格式
题名:
理论动态
    
 
作者: ;中共中央党校理论研究室 编
分册: 第十辑  
出版信息: 北京   人民出版社  1980
页数: 113页
开本: 26cm
丛书名:
单 册:
中图分类: D-55
科图分类:
主题词: 政治--文集
电子资源:
ISBN:
000 00739nam0 2200241 45
001 0178003929
005 20060425102309.51
010    @dCNY0.63
091    @a17001.69
100    @a19950714d1980 em y0chiy0121 ea
101 0  @achi
102    @aCN@b110000
105    @ay z 000yy
200 10 @a理论动态@Ali lun dong tai@h第十辑@h第179-196期@f中共中央党校理论研究室编@Fzhong gong zhong yang dang xiao li lun yan jiu shi bian
210    @a北京@c人民出版社@d1980
215    @a113页@d26cm
300    @a内部发行
606    @a政治@x文集
610 0  @a理论@a动态
690    @aD-55@v4
711  0 @a中共中央党校理论研究室@Azhong gong zhong yang dang xiao li lun yan jiu shi@4编
801  0 @aCN@bTSSF@c20060425
905    @a10447@dD-55@e10/80
    
    理论动态.第十辑.第179-196期/中共中央党校理论研究室编.-北京:人民出版社,1980
    113页;26cm
    内部发行
    
    ISBN :CNY0.63
    
●
相关链接 在E读中查询图书 在五车中查询图书 在当当中查询图书 在豆瓣中查询图书


正题名:理论动态     索取号:D-55/10/80         预约/预借

序号 登录号 条形码 馆藏地/架位号 状态 备注
1 0038235   202287159   密集书库/ [索取号:D-55/10/80] 在馆    
2 0038236   202287104   密集书库/ [索取号:D-55/10/80] 在馆    
3 0038237   202287140   密集书库/ [索取号:D-55/10/80] 在馆    
4 0038595   200385957   密集书库/ [索取号:D-55/10/80] 在馆    
唐山师范学院图书馆 欢迎您!
大连网信软件有限公司© 版权所有